| 000 | 00387nam a2200145Ia 4500 | ||
|---|---|---|---|
| 008 | 180921t xxu||||| |||| 00| 0 eng d | ||
| 041 | _aeng | ||
| 080 |
_a656.13(52) _bGUI |
||
| 245 | _aGuide to the motor industry of Japan 1979 | ||
| 300 | _a244p., 28 cm | ||
| 650 |
_aAutomobile manufacturers _aMotor vehicles |
||
| 942 | _cBK | ||
| 999 |
_c19343 _d19343 |
||
| 003 | LK-CoDNM | ||
| 040 |
_aLK-CoDNM _dLK-CoDNM _eLK-CoDNM |
||